|
|
|
|
| LEADER |
01830njm a2200445 a 4500 |
| 001 |
000791110 |
| 003 |
CZ BrMZK |
| 005 |
20240102140230.0 |
| 007 |
sd fsngnnmmned |
| 008 |
050929s2001 xr sy g cze d |
| 028 |
0 |
0 |
|a SP 708312
|b Disky Communications
|
| 040 |
|
|
|a BOA001
|b cze
|
| 048 |
|
|
|a oa01
|
| 080 |
|
|
|a 78.082.1
|2 MRF
|
| 080 |
|
|
|a (086.76)
|2 MRF
|
| 100 |
1 |
|
|a Beethoven, Ludwig van,
|d 1770-1827
|7 jn19990000607
|4 cmp
|
| 240 |
1 |
0 |
|a Symfonie,
|n č. 9, op. 125,
|r d moll
|7 aun2007388663
|
| 245 |
1 |
0 |
|a Symphony No. 9 "Choral"
|h [zvukový záznam] /
|b Beethoven
|
| 260 |
|
|
|a [S.l.]:
|b Disky Communications:
|c p2001
|
| 300 |
|
|
|a 1 zvuková deska (72:31) :
|b digital ;
|c 12 cm +
|e 1 leták (12 x 24 cm)
|
| 306 |
|
|
|a 011231
|
| 490 |
1 |
|
|a Unesco classics
|
| 500 |
|
|
|a Kompaktní deska
|
| 500 |
|
|
|a Původní fonogramy p1973 a p1991 EMI Records Ltd.
|
| 511 |
0 |
|
|a Sheila Armstrong, soprán ; Anna Reynolds, alt ; Robert Tear, tenor ; John Shirley-Quirk, bas. Londýnský symfonický orchestr a sbor, dirigent Carlo Maria Giulini
|
| 650 |
0 |
4 |
|a symfonie (symfonický orchestr)
|
| 655 |
|
7 |
|a kompaktní desky
|7 fd201991
|2 czenas
|
| 740 |
0 |
2 |
|a Symphony no. 9 in d minor op. 125 "Choral"
|
| 700 |
1 |
|
|a Armstrong, Sheila,
|d 1942-
|7 mzk2003203726
|4 sng
|
| 700 |
1 |
|
|a Reynolds, Anna,
|d 1931-2014
|7 mzk2014816896
|4 sng
|
| 700 |
1 |
|
|a Tear, Robert,
|d 1939-2011
|7 pna2005307308
|4 sng
|
| 700 |
1 |
|
|a Shirley-Quirk, John,
|d 1931-2014
|7 mzk2005286770
|4 sng
|
| 700 |
1 |
|
|a Giulini, Carlo Maria,
|d 1914-2005
|7 js20050912001
|4 cnd
|
| 710 |
2 |
|
|a London Symphony Chorus
|7 pna2005259489
|
| 710 |
2 |
|
|a London Symphony Orchestra
|7 ko2002150871
|
| 830 |
|
0 |
|a Unesco classics
|
| 910 |
|
|
|a BOA001
|b CD-0012.662
|
| 990 |
|
|
|a AV
|
| 991 |
|
|
|b 200510
|
| 996 |
6 |
|
|b 261H013908
|c CD-0012.662
|l MZK
|r Sklad / do 24 hodin
|n 0
|w 000791110
|u 000010
|a 1
|e BOA001
|j MZK50
|s P
|